00892nam a2200205Ia 4500003000900000008004100009020001800050040001600068080002300084100001800107111011100125245024100236260003700477300001500514490006500529650004100594650001300635650002500648650001300673IN-BaIIA211028s9999 xx 000 0 eng d a90-277-2707-4 cIIA Library a524.77(082.2)bCOO aFabian, A. C. aNATO Advanced Research Workshop on Cooling Flows in Clusters and GalaxiescCambridge, U.Kd1987 June 22-26 0aCooling flows in clusters and galaxiesbproceedings of the NATO advanced research workshop on cooling flows in clusters and galaxies, held in Cambridge, U.K, 22-26 June 1987c A. C. Fabian  aDordrechtbKluwer Academicc1988 axii, 391p. aNATO ASI series. Series C : mathematical & physical sciences aAstronomy and astrophysics thesaurus aClusters aClusters of galaxies aGalaxies